Quiz en cascade #1 - Statistiques

Statistiques générales
  • Ce quiz a été pris 386 fois
  • Le résultat moyen est 17 sur 22
Statistiques - réponses
Hint Réponse % Correct
Le plus grand pays du monde est la Russie (début)
93%
Durant laquelle ont disparu les disonaures
91%
Qui se trouve à cheval sur deux continents
88%
Qui ont dérivés pendant l'ère Jurassique
88%
Qu'il ne faut pas juger à sa couverture
79%
Que l'on peut tremper dans l'encre
79%
Qui est la deuxième langue la plus parlée
79%
Dont unes espèce est le boa
78%
Après le mandarin
78%
Qui se parle princiapalement en Chine
77%
Qui est un mammifère
77%
Dont 98% parlent anglais
76%
Qui borde la Russie (fin)
76%
Pays aux 26 millions d' habitants
75%
Qui chauffe quand elle est en laine
73%
Pour réaliser un livre
73%
Que l'on trouve sur le mouton
73%
Généralement confectionné avec des plumes
73%
De la famille des reptiles
73%
Vivant principalement en Australie
64%
Dont font également partie les serpents
61%
Qui est également un accessoire
49%
Aucun quiz correspondant
Distribution des résultats
% des personnes avec chaque résultat
Percentile par nombre de réponses
Votre historique - résultats
Vous n’avez pas pris ce quiz